Cruzar el puente : manual para educadores de niños(as) y adolescentes en proceso de recuperación /
Manual que incluye tanto un planteamiento metodológico como técnicas de trabajo con niños y adolescentes de la calle a los que se busca integrar socialmente, con programas de formación que les permitan tener mejor calidad de vida y relaciones más armónicas.
保存先:
| 第一著者: | |
|---|---|
| その他の著者: | , , |
| フォーマット: | 図書 |
| 言語: | スペイン語 |
| 出版事項: |
México :
Quiera, Fundación de la Asociación de Banqueros de México : Thais, Consultoría en Desarrollo Social,
1998, c1998
|
| 主題: | |
| タグ: |
infancia
1
|
MARC
| LEADER | 00000nam^a2200000^a^4500 | ||
|---|---|---|---|
| 001 | 000114386 | ||
| 005 | 20250521000000.0 | ||
| 009 | 20260310094017.845 | ||
| 037 | |a Acervo ITESO - Biblioteca | ||
| 041 | |a ESP | ||
| 082 | |a 362. 74 |b PAL | ||
| 100 | |a Palomas C., Susana |e (autor) | ||
| 245 | 1 | 0 | |a Cruzar el puente : |b manual para educadores de niños(as) y adolescentes en proceso de recuperación / |c S. Palomas C ; colaboración de N. Barreiro García, M. Bejos Lucero, M. Gutiérrez Alvarez. |
| 264 | 4 | |a México : |b Quiera, Fundación de la Asociación de Banqueros de México : |b Thais, Consultoría en Desarrollo Social, |c 1998, c1998 | |
| 300 | |a 130 p. | ||
| 336 | |a texto |b txt |2 rdacontenido | ||
| 337 | |a sin mediación |b n |2 rdamedio | ||
| 338 | |a volumen |b nc |2 rdasoporte | ||
| 520 | |a Manual que incluye tanto un planteamiento metodológico como técnicas de trabajo con niños y adolescentes de la calle a los que se busca integrar socialmente, con programas de formación que les permitan tener mejor calidad de vida y relaciones más armónicas. | ||
| 649 | |a XX | ||
| 650 | |a Niños de la Calle | ||
| 650 | |a Adolescentes | ||
| 650 | |a Sexualidad | ||
| 650 | |a Adicciones | ||
| 650 | |a Maltrato Infantil | ||
| 650 | |a Explotación de Menores | ||
| 650 | |a Justicia e Injusticia | ||
| 650 | |a Derechos Humanos | ||
| 650 | |a Problemas Sociales | ||
| 650 | |a Intervención Social | ||
| 650 | |a Programas Sociales | ||
| 650 | |a Educación No Formal e Informal | ||
| 650 | |a Sociología | ||
| 700 | |a Barreiro García, Norma |e (colaboración) | ||
| 700 | |a Bejos Lucero, Mario |e (colaboración) | ||
| 700 | |a Gutiérrez Alvarez, Martha |e (colaboración) | ||
| 910 | |a Fondo General | ||
| 920 | |a Impresos - Libros | ||
| 930 | |a Colección General | ||
| 905 | |a 101 | ||
| 901 | |a 0500050090 |b IT1 |c ACC |u 20250521 | ||
| 902 | |a https://opac.biblio.iteso.mx/vufind/Record/000114386 | ||